Research design / (Record no. 359294)
[ view plain ]
| 000 -LEADER | |
|---|---|
| fixed length control field | 00522nam a2200157Ia 4500 |
| 008 - FIXED-LENGTH DATA ELEMENTS--GENERAL INFORMATION | |
| fixed length control field | 181022s9999 xx 000 0 und d |
| 020 ## - INTERNATIONAL STANDARD BOOK NUMBER | |
| International Standard Book Number | 9781506386768 |
| 100 ## - MAIN ENTRY--PERSONAL NAME | |
| Personal name | Creswell, John W. |
| 245 ## - TITLE STATEMENT | |
| Statement of responsibility, etc | John W. Creswell, David J. Creswell.-- |
| Title | Research design / |
| 250 ## - EDITION STATEMENT | |
| Edition statement | 5th ed |
| 260 ## - PUBLICATION, DISTRIBUTION, ETC. (IMPRINT) | |
| Place of publication, distribution, etc | California : |
| Name of publisher, distributor, etc | Sage |
| Date of publication, distribution, etc | 2018 |
| 300 ## - PHYSICAL DESCRIPTION | |
| Extent | xv, 275 pages. |
| 500 ## - GENERAL NOTE | |
| General note | Includes bibliographical references and index. |
| 650 ## - SUBJECT ADDED ENTRY--TOPICAL TERM | |
| Topical term or geographic name as entry element | Social sciences -- research -- methodology. |
| 650 ## - SUBJECT ADDED ENTRY--TOPICAL TERM | |
| Topical term or geographic name as entry element | Social sciences -- statistical methods. |
| Withdrawn status | Lost status | Source of classification or shelving scheme | Damaged status | Home library | Current library | Shelving location | Date acquired | Source of acquisition | Total Checkouts | Total Renewals | Full call number | Barcode | Date last seen | Date checked out | Price effective from | Koha item type |
|---|---|---|---|---|---|---|---|---|---|---|---|---|---|---|---|---|
| Library of Congress Classification | South SEED-LPDH College Library | South SEED-LPDH College Library | South SEED-LPDH College Section | 10/22/2018 | Library Fund | 10 | 26 | H 62 .C69 2018 | SSLC1857 | 04/26/2023 | 01/30/2023 | 10/22/2018 | Books |